000
00289pab a2200121 454500
008
180718b xxu||||| |||| 00| 0 eng d
100
_a
Jha, Prem Shankar
245
_a
Earth Summit: new threat to South
650
_a
Earth Summit
650
_a
Environment
773
_a
Hindu
909
_a
21737
999
_c
21737
_d
21737